Metriky v informatice jak objektivně zjistit přínosy informačního systému
Saved in:
| Main Author: | |
|---|---|
| Format: | Book |
| Language: | Czech |
| Published: |
Praha
GRADA
2001
|
| Series: | Management v informační společnosti
|
| Subjects: | |
| Tags: |
No Tags, Be the first to tag this record!
|
MARC
| LEADER | 00000nam a2200000 4500 | ||
|---|---|---|---|
| 001 | c124329 | ||
| 005 | 20221108083322.1 | ||
| 020 | |a 80-247-0080-8 | ||
| 041 | 0 | |a cze | |
| 044 | |a CZ | ||
| 245 | 1 | 0 | |a Metriky v informatice |b jak objektivně zjistit přínosy informačního systému |c Pavel Učeň a kolektiv |
| 264 | 1 | |a Praha |b GRADA |c 2001 | |
| 300 | |a 139 s. | ||
| 490 | 1 | |a Management v informační společnosti | |
| 830 | 0 | |a Management v informační společnosti | |
| 610 | 2 | 0 | |a systémy informačné |
| 610 | 2 | 0 | |a stratégia informačná |
| 610 | 2 | 0 | |a efektívnosť |
| 610 | 2 | 0 | |a softvér |
| 610 | 2 | 0 | |a TQM |
| 100 | 1 | |a Učeň, Pavel | |